[Event "Nittenau-ch 06th"]
[Site "Nittenau"]
[Date "2006.09.16"]
[Round "3"]
[White "Tran, Hoai Nam"]
[Black "Espig, Josef"]
[Result "0-1"]
[WhiteElo "1010"]
[BlackElo "1217"]
[PlyCount "60"]
[EventDate "2006.09.15"]
[EventType "swiss"]
[EventRounds "5"]
[EventCountry "GER"]
[SourceTitle "EXT 2022"]
[Source "ChessBase"]
[SourceDate "2021.10.06"]
[SourceVersion "1"]
[SourceVersionDate "2021.10.06"]
[SourceQuality "1"]

1. e4 e5 2. Nf3 d6 3. h3 a6 4. Nc3 c6 5. g3 Nf6 6. d3 Be7 7. Bg2 0-0 8. d4 Be6 9. Be3 Nbd7 10. Qd2 exd4 11. Nxd4 Ne5 12. f4 Nc4 13. Qd3 Nxb2 14. Qe2 Qa5 15. Bd2 Qc5 16. Qe3 Nc4 17. Qd3 Nxd2 18. Qxd2 Bc4 19. Nf5 Bd8 20. Nxd6 Rb8 21. e5 Nd5 22. Nxc4 Qxc4 23. Nxd5 cxd5 24. Bxd5 Qc5 25. Rb1 Ba5 26. Bxb7 Bxd2+ 27. Kxd2 Qf2+ 28. Kc1 Qxg3 29. Rb4 Qa3+ 30. Kd1 Qxb4 0-1

[Event "Nittenau-ch 06th"]
[Site "Nittenau"]
[Date "2006.09.16"]
[Round "2"]
[White "Tran, Hoai Nam"]
[Black "Klemp, Soeren"]
[Result "0-1"]
[WhiteElo "1010"]
[BlackElo "1419"]
[PlyCount "92"]
[EventDate "2006.09.15"]
[EventType "swiss"]
[EventRounds "5"]
[EventCountry "GER"]
[SourceTitle "EXT 2022"]
[Source "ChessBase"]
[SourceDate "2021.10.06"]
[SourceVersion "1"]
[SourceVersionDate "2021.10.06"]
[SourceQuality "1"]

1. e4 e5 2. Nf3 Nc6 3. Bc4 Bc5 4. c3 Nf6 5. d4 exd4 6. cxd4 Bb4+ 7. Bd2 Bxd2+ 8. Nbxd2 d6 9. h3 0-0 10. Bd3 Re8 11. 0-0 Nb4 12. Bb1 b6 13. Re1 Ba6 14. Qb3 Nc6 15. Ng5 Qe7 16. Qc3 Bb7 17. a3 Nd5 18. Qg3 Nxd4 19. Qh4 h6 20. e5 Qxg5 21. Qxd4 dxe5 22. Qe4 g6 23. Nf3 Qf4 24. Nh4 Qxe4 25. Bxe4 Rad8 26. Nf3 f5 27. Bc2 e4 28. Nh4 Kg7 29. Rac1 Kf6 30. g3 e3 31. Kg2 Nb4+ 32. Kg1 Nxc2 33. Rxc2 exf2+ 34. Kxf2 c5 35. Rce2 Rxe2+ 36. Rxe2 Be4 37. b4 cxb4 38. axb4 Rd3 39. Ng2 Rf3+ 40. Ke1 Rxg3 41. Nf4 Ke5 42. Rf2 Bf3 43. Nd3+ Ke4 44. Kd2 g5 45. Kc3 Bh5 46. Re2+ Bxe2 0-1